Catálogo
 En Linea

Brujería y reconstrucción de identidades entre los Africanos y sus descendientes en la Nueva Granada, siglo XVII / (Registro nro. 11653)

Detalles MARC
000 -CABECERA
campo de control de longitud fija 00951cam a2200229 a 4500
001 - NÚMERO DE CONTROL
campo de control 000011984
005 - FECHA Y HORA DE LA ÚLTIMA TRANSACCIÓN
campo de control 20200929162638.0
008 - DATOS DE LONGITUD FIJA--INFORMACIÓN GENERAL
campo de control de longitud fija 050812s2005 ck ab b 001 0 spa
020 ## - NÚMERO INTERNACIONAL ESTÁNDAR DEL LIBRO
Número Internacional Estándar del Libro 9588250048
040 ## - FUENTE DE LA CATALOGACIÓN
Centro catalogador/agencia de origen DO-SdBNP
Lengua de catalogación spa
Centro/agencia transcriptor BNPHU
082 ## - NÚMERO DE LA CLASIFICACIÓN DECIMAL DEWEY
Número de clasificación 133.4309
Número de documento/Ítem M467b
100 1# - ENTRADA PRINCIPAL--NOMBRE DE PERSONA
Nombre de persona Maya Restrepo, Luz Adriana.
Fechas asociadas al nombre 1962-
9 (RLIN) 28341
245 10 - MENCIÓN DE TÍTULO
Título Brujería y reconstrucción de identidades entre los Africanos y sus descendientes en la Nueva Granada, siglo XVII /
Mención de responsabilidad, etc. Luz Adriana Maya Restrepo.
260 ## - PUBLICACIÓN, DISTRIBUCIÓN, ETC.
Lugar de publicación, distribución, etc. Bogotá, (Colombia) :
Nombre del editor, distribuidor, etc. Ministerio de Cultura,
Fecha de publicación, distribución, etc. 2005.
300 ## - DESCRIPCIÓN FÍSICA
Extensión 808 p. :
Otras características físicas col. il. ; mapas ;
Dimensiones 21 cm.
504 ## - NOTA DE BIBLIOGRAFÍA, ETC.
Nota de bibliografía, etc. Incluye referencias bibliográficas.
586 ## - NOTA DE PREMIOS
Nota de premios Premio nacional de historia, 2003
650 #4 - PUNTO DE ACCESO ADICIONAL DE MATERIA--TÉRMINO DE MATERIA
Término de materia o nombre geográfico como elemento de entrada Brujería
Subdivisión geográfica Colombia
Subdivisión general Historia
Subdivisión cronológica SIGLO XVII
9 (RLIN) 28342
650 #4 - PUNTO DE ACCESO ADICIONAL DE MATERIA--TÉRMINO DE MATERIA
Término de materia o nombre geográfico como elemento de entrada Esclavitud
Subdivisión geográfica Colombia
Subdivisión general Historia
Subdivisión cronológica SIGLO XVII
9 (RLIN) 28343
651 #4 - PUNTO DE ACCESO ADICIONAL DE MATERIA--NOMBRE GEOGRÁFICO
Nombre geográfico Colombia
Subdivisión general Vida Social Y Costumbres
Subdivisión cronológica SIGLO XVII
9 (RLIN) 28344
650 #4 - PUNTO DE ACCESO ADICIONAL DE MATERIA--TÉRMINO DE MATERIA
Término de materia o nombre geográfico como elemento de entrada Negros
Subdivisión geográfica Colombia
Subdivisión general Religión
9 (RLIN) 28345
Existencias
Estado de retiro Estado de pérdida Restricciones de uso No para préstamo Código de colección Localización permanente Ubicación/localización actual Ubicación en estantería Fecha de adquisición Número de inventario Total de préstamos Signatura topográfica completa Código de barras Fecha visto por última vez Precio válido a partir de Tipo de ítem Koha Número de copia
      Excluido de préstamo Monografías: Libros y Folletos General General Depósito 02.11.2009 LF1   133.4309 M467b 11984-10 25.06.2020 25.06.2020 No se presta  
  Extraviado   Excluido de préstamo Monografías: Libros y Folletos General General Extraviado 22.05.2017 LF1   133.4309 M467b 11984-20 25.06.2020 25.06.2020 No se presta e. 2

Con tecnología Koha